Experiencias jurd̕icas e identidades femeninas

Bibliographic Details
Main Author: Rodrg̕uez Lp̤ez, Rosala̕
Format: eBook
Language:Spanish
Published: Madrid : Dykinson, 2011
Subjects:
Online Access:Acceso restringido

MARC

LEADER 00000nam a22000007a 4500
005 2012062905135.0
007 cr|||| ||||
008 120629s2011 sp |||||s|||| 00||0 spa d
020 |a 978-84-15455-08-0 
035 |a 6319 
040 |a vLex  
090 |c 3254  |d 3254 
100 1 |a Rodrg̕uez Lp̤ez, Rosala̕ 
245 1 0 |a Experiencias jurd̕icas e identidades femeninas  |h [Recurso electrn̤ico] /  |c Rosala̕ Rodrg̕uez Lp̤ez 
256 |a Servicio en ln̕ea 
260 |a Madrid :  |b Dykinson,  |c 2011 
300 |a 1 recurso electrn̤ico 
506 1 |a Contenido solo disponible en los productos indicados  |d vLex Global   |d vLex Global (Academic Edition, excluding Law Schools)   |d vLex Global (U.S. Academic Edition, Law Schools)   |d vLex Global (U.S. Academic Edition, excluding Law Schools)   |d vLex Global (Academic Edition, Law Schools)  
650 0 4 |a Feminismo 
650 0 4 |a Jurisprudencia 
740 0 |a vLex Libros (Servicio en ln̕ea) 
856 4 0 |u http://vlex.com/source/experiencias-juridicas-identidades-femeninas-6319  |z Acceso restringido 
942 |c BOOK 
999 0 |a Feminism 
999 0 |a Jurisprudence